Recomendaciones y Necesidades para el Establecimiento de un Programa Marino Costero en el Caribe de Centroamérica/
Uloženo v:
| Korporativní autor: | |
|---|---|
| Médium: | Kniha |
| Jazyk: | Spanish |
| Vydáno: |
Costa Rica
PROMACO
1992
|
| Tagy: |
Přidat tag
Žádné tagy, Buďte první, kdo vytvoří štítek k tomuto záznamu!
|
MARC
| LEADER | 00000nam a22000007a 4500 | ||
|---|---|---|---|
| 003 | cru CRAIS/IIS | ||
| 005 | 20211103113506.0 | ||
| 008 | 211103b |||||||| |||| 00| 0 spa d | ||
| 040 | |c CRAIS/IIS | ||
| 082 | |a 17.03.04 Us8r | ||
| 110 | |9 10130 |a Unión Mundial para la Naturaleza (UICN) | ||
| 245 | |a Recomendaciones y Necesidades para el Establecimiento de un Programa Marino Costero en el Caribe de Centroamérica/ | ||
| 260 | |a Costa Rica |b PROMACO |c 1992 | ||
| 300 | |a 84p. | ||
| 942 | |2 ddc |c LI |h 17.03.04 |6 170304 | ||
| 999 | |c 43957 |d 43957 | ||
